000 00730nam a2200217 a 4500
001 000009954
005 20240412074214.0
008 091002s1973 dr 000 p spa d
040 _aDO-SdBNP
_bspa
_cBNPHU
082 _aRD861.4
_bD542d
100 1 _aDíaz, Bertha
_924902
245 1 0 _aDe mis luces interiores :
_bpoemas /
_cBertaha Díaz.
260 _aSanto Domingo :
_bTaller,
_c1973.
300 _a67 p. ;
_c21 cm.
500 _aIncluye datos biográficos en del autor en la contracubierta
590 _aLa biblioteca posee 1 ejemplar autografiado por el autor
590 _aInventariado, 2019/MFF
650 0 _aPoesía dominicana
_966
650 0 _aLiteratura dominicana.
_967
910 _aValidado. Control de calidad MFF
999 _c9713
_d9713